000 01033nam a2200289 u 4500
001 4109
005 20260428104246.0
008 950904s1994 spa
020 _a9581103945
035 _a4109
035 _a(OCoLC)318169470
040 _ccomduadb
041 _aspa
082 4 _a378
110 0 _aInstituto Colombiano para el Fomento de la Educación Superior
_4aut
_0(isni)0000 0001 2184 872X
_0(viaf)150960273
_eaut
_9825226
245 1 0 _aReinvencion de la universidad : prospectiva para soñadores
260 _aBogotá :
_bICFES (Instituto Colombiano para el Fomento de la Educación Superior),
_c1994.
300 _a346 páginas
500 _aDonacion.
650 7 _aEducación superior
_2lemb
_91957
650 7 _aExtensión universitaria
_2lemb
_910984
650 7 _aUniversidad
_2lemb
_966866
650 _aSiglo XXI
_96945
651 7 _aColombia
_2embne
_9870547
711 2 0 _aSeminario Reinvencion de la Universidad. Prospectiva para Sonadores (1. : 1994 : Bogota ),
_4aut
_eaut
942 _cBOOK
999 _c3076
_d3076